|
|
|
|
| LEADER |
00000cam a2200000 i 4500 |
| 001 |
1/22457 |
| 008 |
120808s2007 cy | ||| |||| ||gre|| |
| 020 |
|
|
|a 9789963753291
|
| 035 |
|
|
|l 10113062
|
| 040 |
|
|
|a GR-MY-UA
|b gre
|e aacr
|
| 041 |
0 |
|
|a gre
|
| 082 |
7 |
|
|a 808.899
|2 (22)
|
| 100 |
1 |
|
|a Χαραλάμπους, Μπάμπης,
|d 1942-
|
| 245 |
1 |
0 |
|a Με την άδειά σου, μπαρμπα-Αίσωπε /
|c Μπάμπης Χαραλάμπους.
|
| 260 |
|
|
|a Λάρνακα :
|b Ελισώ,
|c 2007.
|
| 300 |
|
|
|a 48 σ. :
|b εικ. ;
|c 21 εκ.
|
| 650 |
0 |
0 |
|a Children's literature, Greek (Modern)
|z Cyprus.
|
| 650 |
0 |
0 |
|a Children's literature, Greek (Modern)
|
| 655 |
|
7 |
|a Fairy tales
|2 lcgft
|
| 852 |
|
|
|a INST
|b RHODES
|e 20120808
|h 808.899 ΧΑΡ
|p 005400034485
|q 005400034485
|t BK
|y 0
|
| 901 |
|
|
|a BIBL4-2012-2
|
| 909 |
|
|
|a Ρ
|b 171118
|
| 922 |
|
|
|a 4ΕΛΗ
|
| 970 |
|
|
|z 2012/08/08
|